000 00286nam a22001217a 4500
041 _aENG
100 _a53.100
245 _aEarth-Moving Machinery -Engine Test Code - Net Power
260 _aNew delhi
_bBIS
_c2006
300 _a26
650 _aBIS-Test Code
856 _uBIS-Test Code
999 _c1982
_d1982